Statistics for Who Wants to be a Millionaire? Winners

Click here to take the quiz!

General Stats

  • This quiz has been taken 30 times
  • The average score is 3 of 5

Answer Stats

Answer% Correct
Judith Keppel
83%
Pat Gibson
65%
Ingram Wilcox
57%
David Edwards
52%
Robert Brydges
52%

Score Distribution

Percentile by Number Answered

Percent of People with Each Score

Your Score History

You have not taken this quiz